00525nam a22002057a 450000500170000001000130001702000220003003500130005203700160006504000120008108200180009310000170011124500460012825000110017426000410018527000380022630000260026465000090029065000200029920170124110020.0 aB-047159 c65.00a8170143152 aB-047159 bCen Lib/Ret aDPLbEN a346.5407bKAP aKapoor, N.D. aCorporate and other laws /cby N.D.Kapoor a2nd ed aNew DelhibSultan Chand & Sonsc1997 a23, Darya GanjbNew Delhie110002 axviii,448p.c20cm(Hb) a Law aCorporation law